| 000 | 00950nam a2200277 i 4500 | ||
|---|---|---|---|
| 001 | 54845 | ||
| 003 | ES-MaACL | ||
| 005 | 20250728095017.0 | ||
| 007 | t| | ||
| 008 | 040119s2003 sp ||||1| spa d | ||
| 020 | _a84-95240-88-2 | ||
| 080 | _a1 Locke, John | ||
| 080 | _a347.23 | ||
| 100 | 1 |
_aLassalle, José María. _970462 |
|
| 245 | 1 | 0 |
_aLocke, liberalismo y propiedad / _cJosé María Lassalle. |
| 260 |
_aMadrid : _bColegio de Registradores de la Propiedad y Mercantiles de España, _c2003. |
||
| 300 |
_a540 p. ; _c23 cm. |
||
| 490 | 1 | _aMonografías | |
| 600 | 1 | 4 |
_aLocke, John- _xCrítica e interpretación. _973047 |
| 650 | 1 | 7 |
_aLiberalismo _2embne _914386 |
| 650 | 1 | 4 |
_aPropiedad. _916476 |
| 710 | 2 |
_aColegio de Registradores de la Propiedad y Mercantiles de España. _92938 |
|
| 830 | 0 | 0 |
_aMonografías (Centro de Estudios Benaventanos "Ledo del Pozo") _9177262 |
| 852 |
_aES-MaACL _jL-25602 _bR.133367 |
||
| 999 |
_c54845 _d54845 |
||